[Event "GER-chT U20 Girls"]
[Site "Muenster"]
[Date "2022.12.29"]
[Round "6"]
[White "Eichhorn, Elisabeth"]
[Black "Peglau, Sarah"]
[Result "0-1"]
[WhiteElo "1330"]
[BlackElo "1790"]
[PlyCount "90"]
[EventDate "2022.12.26"]
[EventType "team-swiss"]
[EventRounds "7"]
[EventCountry "GER"]
[SourceTitle "CBM 212 Extra"]
[Source "ChessBase"]
[SourceDate "2023.03.31"]
[SourceVersion "1"]
[SourceVersionDate "2023.03.31"]
[SourceQuality "1"]
[WhiteTeam "Karlsruhe"]
[BlackTeam "Seeblick"]
[WhiteTeamCountry "GER"]
[BlackTeamCountry "GER"]

1. d4 e6 2. e4 b6 3. Nc3 Bb7 4. Nf3 Bb4 5. Bd3 Nf6 6. Bg5 h6 7. Bxf6 Qxf6 8. a3 Bxc3+ 9. bxc3 d6 10. Qe2 Nd7 11. Nd2 Ke7 12. Qe3 g5 13. h3 Qf4 14. Qe2 Rag8 15. g3 Qf6 16. 0-0-0 c5 17. Nc4 cxd4 18. cxd4 Qxd4 19. Qe3 Qxe3+ 20. Nxe3 f5 21. f3 fxe4 22. fxe4 Nc5 23. Rhe1 Nxe4 24. Bxe4 Bxe4 25. Nc4 d5 26. Nd2 Bf5 27. g4 Bg6 28. Nf3 Rd8 29. Ne5 Be8 30. Rd2 Rf8 31. Rde2 Rf6 32. Nd3 Bb5 33. Rd2 Bxd3 34. cxd3 Rf3 35. Rh1 Rdf8 36. Rdd1 Rf2 37. Kb1 Rc8 38. Rc1 Rxc1+ 39. Rxc1 Kd7 40. Rh1 Rd2 41. Rf1 Rxd3 42. Rf7+ Kd6 43. Rxa7 Rxh3 44. Rh7 Rxa3 45. Rxh6 Rg3 0-1

[Event "GER-chT U20 Girls"]
[Site "Kiel"]
[Date "2022.07.24"]
[Round "4.1"]
[White "Peglau, Mirjam"]
[Black "Eichhorn, Elisabeth"]
[Result "1-0"]
[WhiteElo "1876"]
[BlackElo "1325"]
[PlyCount "65"]
[EventDate "2022.07.22"]
[EventType "team-swiss"]
[EventRounds "7"]
[EventCountry "GER"]
[SourceTitle "CBM 209 Extra"]
[Source "ChessBase"]
[SourceDate "2022.09.30"]
[SourceVersion "1"]
[SourceVersionDate "2022.09.30"]
[SourceQuality "1"]
[WhiteTeam "Seeblick"]
[BlackTeam "Karlsruhe SF"]
[WhiteTeamCountry "GER"]
[BlackTeamCountry "GER"]

1. d4 Nf6 2. c4 g6 3. Nc3 Bg7 4. e4 d6 5. f3 Nfd7 6. Be3 0-0 7. Bd3 Re8 8. Nge2 c6 9. 0-0 Qc7 10. Rc1 c5 11. Qd2 Nc6 12. dxc5 dxc5 13. b3 Nd4 14. Nd5 Qd6 15. f4 e5 16. Bb1 Nxe2+ 17. Qxe2 Nb6 18. Rcd1 Bd7 19. Nxb6 Qxb6 20. Rxd7 Qc6 21. Rd5 b6 22. f5 Rf8 23. Qf3 Rac8 24. f6 Bh8 25. Rxe5 Rcd8 26. Rd5 Rfe8 27. g4 Rxd5 28. cxd5 Qd6 29. g5 Rd8 30. Bf4 Qd7 31. Rd1 Kf8 32. e5 Re8 33. Be4 1-0

[Event "GER-chT U20 Girls"]
[Site "Kiel"]
[Date "2022.07.23"]
[Round "2.3"]
[White "Eichhorn, Elisabeth"]
[Black "Rempe, Janne"]
[Result "0-1"]
[WhiteElo "1325"]
[BlackElo "1497"]
[PlyCount "62"]
[EventDate "2022.07.22"]
[EventType "team-swiss"]
[EventRounds "7"]
[EventCountry "GER"]
[SourceTitle "CBM 209 Extra"]
[Source "ChessBase"]
[SourceDate "2022.09.30"]
[SourceVersion "1"]
[SourceVersionDate "2022.09.30"]
[SourceQuality "1"]
[WhiteTeam "Karlsruhe SF"]
[BlackTeam "Kiel Doppelbauer"]
[WhiteTeamCountry "GER"]
[BlackTeamCountry "GER"]

1. d4 d6 2. Nf3 Nf6 3. Bf4 Nbd7 4. e3 c6 5. Bd3 Qc7 6. Bg3 e5 7. Nbd2 Be7 8. h3 0-0 9. c3 exd4 10. cxd4 Re8 11. Qc2 Nf8 12. Ng5 Ng6 13. Ndf3 Nh5 14. Bh2 Bxg5 15. Nxg5 Qa5+ 16. Qc3 Qxg5 17. g4 Nhf4 18. Bf1 Nd5 19. Qd2 c5 20. 0-0-0 cxd4 21. Qxd4 Be6 22. Bg2 Rac8+ 23. Kb1 Nb6 24. f4 Qa5 25. a3 Nc4 26. Rd3 Rc5 27. Rc3 Rb5 28. Kc1 Rxb2 29. Kd1 Rxg2 30. Rxc4 Bxc4 31. Qxc4 Qd2# 0-1

[Event "GER-chT U14 Girls"]
[Site "Duesseldorf"]
[Date "2016.12.29"]
[Round "5.4"]
[White "Eichhorn, Elisabeth"]
[Black "Murach, Marlene"]
[Result "1-0"]
[WhiteElo "1116"]
[BlackElo "753"]
[PlyCount "75"]
[EventDate "2016.12.27"]
[EventType "team-swiss"]
[EventRounds "7"]
[EventCountry "GER"]
[SourceTitle "EXT 2018"]
[Source "ChessBase"]
[SourceDate "2017.10.13"]
[SourceVersion "1"]
[SourceVersionDate "2017.10.13"]
[SourceQuality "1"]
[WhiteTeam "Karlsruhe SF"]
[BlackTeam "Friedrichshagen"]
[WhiteTeamCountry "GER"]
[BlackTeamCountry "GER"]

1. d4 d6 2. Nf3 Nd7 3. Bf4 f6 4. e3 e5 5. Bg3 c6 6. Bd3 Be7 7. c3 Qb6 8. Qc2 Nf8 9. 0-0 Bg4 10. Nbd2 0-0-0 11. Nc4 Qc7 12. Nfd2 g5 13. h3 Be6 14. b4 h5 15. h4 Qd7 16. Rfe1 gxh4 17. Bxh4 Nh6 18. Qa4 b5 19. Qa6+ Qb7 20. Qxb7+ Kxb7 21. Na5+ Kc7 22. c4 bxc4 23. Ndxc4 Nf5 24. Bxf5 Bxf5 25. Red1 Ng6 26. Bg3 h4 27. Bh2 h3 28. g3 d5 29. Nd2 Bxb4 30. Nab3 Bc2 31. Rdc1 Bxb3 32. Nxb3 exd4 33. Nxd4 Bd2 34. Rxc6+ Kd7 35. Rb1 Rc8 36. Rb7+ Kd8 37. Ne6+ Ke8 38. Rxc8# 1-0

[Event "GER-chT U14 Girls"]
[Site "Duesseldorf"]
[Date "2016.12.27"]
[Round "1.3"]
[White "Eichhorn, Elisabeth"]
[Black "Schneider, Katharina"]
[Result "1/2-1/2"]
[WhiteElo "1116"]
[BlackElo "1447"]
[PlyCount "66"]
[EventDate "2016.12.27"]
[EventType "team-swiss"]
[EventRounds "7"]
[EventCountry "GER"]
[SourceTitle "EXT 2018"]
[Source "ChessBase"]
[SourceDate "2017.10.13"]
[SourceVersion "1"]
[SourceVersionDate "2017.10.13"]
[SourceQuality "1"]
[WhiteTeam "Karlsruhe SF"]
[BlackTeam "Sasbach"]
[WhiteTeamCountry "GER"]
[BlackTeamCountry "GER"]

1. d4 d5 2. Nf3 e6 3. Bf4 Nf6 4. e3 c5 5. c3 Nc6 6. Nbd2 Bd6 7. Bg3 cxd4 8. cxd4 Qe7 9. Bb5 Bd7 10. Bxc6 Bxc6 11. Ne5 Rc8 12. Rc1 Bb4 13. 0-0 0-0 14. Bh4 Bb5 15. Rxc8 Rxc8 16. Re1 Bxd2 17. Qxd2 Ne4 18. Bxe7 Nxd2 19. b3 f6 20. Bb4 Ne4 21. f3 fxe5 22. fxe4 exd4 23. exd4 Rc2 24. a4 Bc6 25. Rf1 h6 26. e5 Bd7 27. Rf8+ Kh7 28. Rf7 Bc8 29. Bf8 Kg8 30. Rf3 Rc7 31. Bb4 Rf7 32. Bd2 Bd7 33. Rxf7 Kxf7 1/2-1/2